000 00437nam a22001457a 4500
008 150827b xxu||||| |||| 00| 0 eng d
050 _aBX2170.H5 F562
100 _aFitzsimons, James S.J.
_918966
245 _aCelebrating the gift of the Holy Spirit
_cJames Fitzsimons
260 _aJohannesburg
_bPrivate
300 _a15p. ;
_c21cm.
500 _aComputer printout
650 _aHoly Spirit
_vpoems
_918967
942 _2lcc
_cMONOGRAPH
999 _c123148
_d123148